| 000 | 04686nam a2200361 i 4500 | ||
|---|---|---|---|
| 001 | 000034902 | ||
| 003 | DO-SdBNP | ||
| 005 | 20260310105021.0 | ||
| 007 | ta | ||
| 008 | 090710s1990 dr abd 001 0 spa d | ||
| 020 | _a9993481793 | ||
| 040 |
_aDO-SdBNP _bspa _cBNPHU _erda |
||
| 041 | _aspa | ||
| 082 | 4 |
_a972.93 _bN964o _222 |
|
| 100 | 1 |
_aNúñez, Manuel, _d1957- _eautor _4aut. _92366 |
|
| 245 | 1 | 3 |
_aEl ocaso de la nación dominicana / _cManuel Núñez. |
| 264 | 1 |
_aSanto Domingo : _bAlfa y Omega, _c1990. |
|
| 300 |
_a347 páginas ; _c22 cm. |
||
| 336 |
_atexto _btxt _2rdacontent |
||
| 337 |
_asin mediación _bn _2rdamedia |
||
| 338 |
_avolumen _bnc _2rdacarrier |
||
| 500 | _aIncluye referencias bibliográficas y notas al pie de las páginas | ||
| 505 | 0 |
_aNota a la segunda edición -- _tNota preliminar-- _tAnexionismo e ideal de independencia -- _tLas naciones son mortales -- _tLa traición de los intelectuales -- _tLa guerra domínico-haitiana -- _tLa Nación puesta a prueba -- _tLa Nación y el Estado -- _tLa sustitución de la población dominicana -- _tLa historia de larga duración _tLa desnacionalización de la mano de obra -- _tLa desnacionalización de la cultura -- _tLa desnacionalización del territorio -- _tLa desnacionalización de los registros civiles -- _tEl peso de los problemas haitianos en la República Dominicana -- _tEl desarrollo de estereotipos. ONU, OEA, organismos internacionales -- _tUn estado caótico e ingobernable. Un país sin soberanía -- _tActividades antidominicanas -- _tLos trastornos sanitarios producidos por la inmigración haitiana -- _tEl peso de los sin papeles en la educación -- _tLa política de los hechos consumados -- _tEl papel de los Estados Unidos como estado mediador. |
|
| 505 | 0 |
_tEl poder transnacional del narcotráfico -- _tLa incompetencia de los dirigentes -- _tLa colonización -- _tEl factor demográfico -- _tLa historiografía sin el pueblo-Nación -- _tFactor político: la batalla jurídica de los indocumentados -- _tEl lenguaje perverso -- _tLa raza contra la nación dominicana -- _tLa igualdad de las razas no suprime la diversidad de culturas -- _tFactor económico: una temporada en el infierno neoliberal -- _tLa globalización contra la nación -- _tLa visión de Ignacio Ellacuría -- _tFactor territorial: las limitaciones del territorio haitiano - _tDe la colonización interior a la colonización exterior -- _tLa frontera invisible -- _tUna mentalidad de asistidos sociales -- |
|
| 505 | 0 | _aNota a la segunda edición -- Nota preliminar -- La traición de los intelectuales -- Las naciones son mortales -- Anexionismo e ideal de independencia -- La guerra domínico-haitiana -- La Nación puesta a prueba -- La Nación y el Estado -- La historia de larga duración -- La sustitución de la población dominicana -- La desnacionalización de la mano de obra -- La desnacionalización de la cultura -- La desnacionalización del territorio --La desnacionalización de los registros civiles -- El peso de los problemas haitianos en la República Dominicana -- El desarrollo de estereotipos. ONU, OEA, organismos internacionales -- Un estado caótico e ingobernable. Un país sin soberanía -- Actividades antidominicanas -- Los trastornos sanitarios producidos por la inmigración haitiana -- El peso de los sin papeles en la educación -- La política de los hechos consumados -- El papel de los Estados Unidos como estado mediador.El poder transnacional del narcotráfico -- La incompetencia de los dirigentes -- La colonización --El factor demográfico -- La historiografía sin el pueblo-Nación -- Factor político: la batalla jurídica de los indocumentados -- El lenguaje perverso -- La raza contra la nación dominicana -- La igualdad de las razas no suprime la diversidad de culturas -- Factor económico: una temporada en el infierno neoliberal -- La globalización contra la nación -- La visión de Ignacio Ellacuría -- Factor territorial: las limitaciones del territorio haitiano -- De la colonización interior a la colonización exterior -- La frontera invisible -- Una mentalidad de asistidos sociales -- Los propósitos de las ONG -- El rechazo de lo dominicano -- La Iglesia contra la Nación: el caso de los Jesuitas -- La conciencia desgarrada -- Samaná: el ejemplo histórico -- La decadencia del patriotismo -- Una isla: dos naciones -- Price Mars o el racismo a lo Gobineau -- La interpretación de la independencia. | |
| 590 | _aInventariado, 2024 /LP | ||
| 650 | 4 |
_aNacionalismo _910966 |
|
| 650 | 4 |
_aSociología histórica _910967 |
|
| 651 | 4 |
_aRepública Dominicana _xHistoria _9170 |
|
| 651 | 4 |
_aRepública Dominicana _xHistoriografía _91457 |
|
| 910 | _aLP | ||
| 942 |
_2ddc _cLBS1 |
||
| 999 |
_c34393 _d34393 |
||